So zdieľanou ekonomikou sa musíme naučiť žiť

Rozhovor s českým ekonómom a publicistom Lukášom Kovandom o japonizácii, izraelizácii a uberizácii ekonomiky. Utečenecká kríza a postoj ekonómov k nej. Nebezpečie vzniku diaspór a get. Zdieľaná ekonomika a flexibilita. Niektoré riziká zdieľanej ekonomiky. Zrýchľovanie vývoja a zmien.

Na minha lista:
Detalhes bibliográficos
Autor principal: Brejčák, Peter
Outros Autores: Kovanda, Lukáš
Formato: Capítulo de Livro
Idioma:eslovaco
Assuntos:
Tags: Adicionar Tag
Sem tags, seja o primeiro a adicionar uma tag!

MARC

LEADER 00000naa a2200000 4500
001 0221789
005 20231113105638.6
041 0 |a slo 
044 |a SK 
245 1 0 |a So zdieľanou ekonomikou sa musíme naučiť žiť  |c Peter Brejčák, Lukáš Kovanda 
520 |a Rozhovor s českým ekonómom a publicistom Lukášom Kovandom o japonizácii, izraelizácii a uberizácii ekonomiky. Utečenecká kríza a postoj ekonómov k nej. Nebezpečie vzniku diaspór a get. Zdieľaná ekonomika a flexibilita. Niektoré riziká zdieľanej ekonomiky. Zrýchľovanie vývoja a zmien. 
610 2 0 |a rast hospodársky 
610 2 0 |a technológie nové 
610 2 0 |a vývoj 
610 2 0 |a migrácia 
610 2 0 |a trh práce 
610 2 0 |a služby 
610 2 0 |a doprava automobilová 
100 1 |a Brejčák, Peter 
700 1 |a Kovanda, Lukáš